| 000 | 00497 a2200133 4500 | ||
|---|---|---|---|
| 001 | ART_14728 | ||
| 005 | 20260410161613.0 | ||
| 008 | 260409a | ||
| 245 | 1 | 0 | _aLas asesinas de la innovación: cómo las herramientas financieras destruyen su capacidad para hacer cosas nuevas |
| 100 | 1 | _aChristensen, Clayton M. | |
| 700 | 1 | _aShih, Willy C. | |
| 700 | 1 | _aKaufman, Stephen P. | |
| 773 | 0 |
_tHarvard Business Review _gLiderazgo y estrategia - Vol. 86, Nº 1 (ene. 2008) _wREV340 |
|
| 999 |
_c10847 _d10847 |
||